[Event "Sparkassen-Open A"]
[Site "Heusenstamm, Martinsee"]
[Date "2015.11.29"]
[Round "6.21"]
[White "Werner, Dimo"]
[Black "Weichhold, Pawel"]
[Result "1/2-1/2"]
[WhiteElo "2052"]
[BlackElo "2413"]
[PlyCount "54"]
[EventDate "2015.??.??"]
[WhiteTeam "TSV Schott Mainz"]
[BlackTeam "SC Heusenstamm"]

1. d4 Nf6 2. Nf3 g6 3. c4 Bg7 4. Nc3 O-O 5. g3 d6 6. Bg2 Nc6 7. O-O Bg4 8. h3
Bxf3 9. Bxf3 Nd7 10. e3 e5 11. dxe5 Ndxe5 12. Be2 Qd7 13. Kh2 Na5 14. Qc2 Qc6
15. b3 Nf3+ 16. Bxf3 Qxf3 17. Rb1 Rae8 18. Bb2 Be5 19. Nd5 c6 20. Bxe5 Rxe5 21.
Nf4 b6 22. Qd1 Qxd1 23. Rbxd1 Nb7 24. h4 a5 25. Rd2 Ra8 26. Rb1 Ree8 27. Kg2
Kf8 1/2-1/2

[Event "Sparkassen-Open A"]
[Site "Heusenstamm, Martinsee"]
[Date "2015.11.29"]
[Round "6.22"]
[White "Klundt, Klaus"]
[Black "Trumpp, Lothar"]
[Result "1/2-1/2"]
[WhiteElo "2320"]
[BlackElo "2049"]
[PlyCount "47"]
[EventDate "2015.??.??"]
[WhiteTeam "SC Heusenstamm"]
[BlackTeam "VSG Offenbach"]

1. e4 d6 2. d4 g6 3. Nc3 Bg7 4. Be3 Nf6 5. Qd2 c6 6. f3 e5 7. O-O-O Qc7 8. h4
Nbd7 9. Bh6 Bxh6 10. Qxh6 Qd8 11. g4 Qe7 12. Nge2 Nb6 13. dxe5 dxe5 14. Ng3 Be6
15. h5 Nfd7 16. Be2 Qf6 17. Qe3 Qf4 18. Nf1 O-O-O 19. Bd3 Nc5 20. Kb1 Qxe3 21.
Nxe3 f6 22. Be2 Bf7 23. Rxd8+ Rxd8 24. hxg6 1/2-1/2

[Event "Sparkassen-Open A"]
[Site "Heusenstamm, Martinsee"]
[Date "2015.11.29"]
[Round "6.23"]
[White "Von Auer, Ulrich"]
[Black "Promyshlyanskyy, Vitaliy"]
[Result "1-0"]
[WhiteElo "2014"]
[BlackElo "2245"]
[PlyCount "115"]
[EventDate "2015.??.??"]
[WhiteTeam "SF Frankfurt"]
[BlackTeam "SC Noris-Tarrasch Nürnberg"]

1. Nf3 Nf6 2. g3 b5 3. a4 b4 4. Bg2 Bb7 5. O-O e6 6. d3 d5 7. Bg5 Nbd7 8. a5 c5
9. c3 Bd6 10. cxb4 cxb4 11. a6 Bc6 12. Nd4 Rc8 13. Nxc6 Rxc6 14. e4 O-O 15.
exd5 exd5 16. Bxd5 Rc5 17. Bxf6 Qxf6 18. Qb3 h5 19. Bg2 Qh6 20. Qxb4 Rb8 21.
Qd2 Qh8 22. Nc3 Nf6 23. d4 Rc4 24. Bb7 h4 25. Nb5 Rd8 26. Rac1 Rxc1 27. Rxc1
Bb8 28. Rc8 Rxc8 29. Bxc8 Qh5 30. Nc3 h3 31. Bb7 Qa5 32. Qc1 Bd6 33. Bc8 Qb6
34. Qd2 Qc6 35. Bxh3 Qxa6 36. Bf1 Qa5 37. Ne4 Qd8 38. Nxd6 Qxd6 39. Bg2 Qb6 40.
Bf3 Ne8 41. Qc3 Nf6 42. b4 Qa6 43. d5 Kh7 44. Kg2 Qd6 45. Qc5 Qd7 46. d6 Qe6
47. Bc6 a6 48. Qd4 Kg8 49. Ba4 Nd7 50. Bxd7 Qxd7 51. Qb6 Qc8 52. h3 Qa8+ 53.
Kh2 Qc8 54. Qa7 Kh7 55. Qxf7 Qc6 56. d7 Qb6 57. Qh5+ Kg8 58. Qd5+ 1-0

[Event "Sparkassen-Open A"]
[Site "Heusenstamm, Martinsee"]
[Date "2015.11.29"]
[Round "6.24"]
[White "Engel, Berthold"]
[Black "Calvi, Stefan"]
[Result "1-0"]
[WhiteElo "2207"]
[BlackElo "2013"]
[PlyCount "71"]
[EventDate "2015.??.??"]
[WhiteTeam "BG Buchen"]
[BlackTeam "SF Frankfurt"]

1. e4 c5 2. Nf3 Nc6 3. Bb5 g6 4. Bxc6 dxc6 5. O-O Bg7 6. Qe2 e5 7. a4 a5 8. Na3
Nh6 9. Nc4 f6 10. d3 Be6 11. Be3 b6 12. h3 Nf7 13. Nfd2 g5 14. f3 Nd6 15. Nxd6+
Qxd6 16. b3 h5 17. Nc4 Qc7 18. Bf2 Kf7 19. Ne3 Bh6 20. Bg3 b5 21. Bf2 g4 22.
fxg4 Bxe3 23. Bxe3 hxg4 24. Bg5 gxh3 25. Bxf6 Kg6 26. Bxh8 Rxh8 27. Qf3 Qe7 28.
Qg3+ Qg5 29. Qxg5+ Kxg5 30. Rf2 c4 31. axb5 cxb3 32. cxb3 cxb5 33. Rxa5 Bd7 34.
Ra7 Be8 35. Rg7+ Bg6 36. gxh3 1-0

[Event "Sparkassen-Open A"]
[Site "Heusenstamm, Martinsee"]
[Date "2015.11.29"]
[Round "6.25"]
[White "Hankel, Dennis"]
[Black "Dickmann, Thomas"]
[Result "1/2-1/2"]
[WhiteElo "2180"]
[BlackElo "2013"]
[PlyCount "115"]
[EventDate "2015.??.??"]
[WhiteTeam "SF Neuberg"]
[BlackTeam "SV Wesel"]

1. e4 c5 2. Nf3 Nc6 3. d4 cxd4 4. Nxd4 g6 5. c4 Nf6 6. Nc3 d6 7. Be2 Nxd4 8.
Qxd4 Bg7 9. Qd3 O-O 10. O-O Qa5 11. Rb1 Be6 12. Bd2 Rfc8 13. b3 a6 14. Rfc1 Nd7
15. Nd5 Qd8 16. Qe3 a5 17. Bf1 b6 18. f3 Rab8 19. Qf2 f5 20. Bg5 Bxd5 21. exd5
Bf6 22. Be3 Nc5 23. Rc2 Ra8 24. Kh1 Rcb8 25. Re1 Qf8 26. Qd2 Rb7 27. Bd4 Bxd4
28. Qxd4 Qg7 29. Qh4 Rf8 30. f4 Qf6 31. Qxf6 Rxf6 32. Rce2 Rf7 33. Re3 Kg7 34.
g3 Kf6 35. Bg2 Rf8 36. Bf3 h5 37. Kg2 Rc7 38. Bd1 Rb8 39. Be2 Ra8 40. h3 Rh8
41. g4 hxg4 42. hxg4 Rh7 43. a3 Kf7 44. Bf3 Rh4 45. Kg3 Rh7 46. Rb1 Rh8 47. b4
axb4 48. axb4 Nd7 49. gxf5 gxf5 50. Be2 Nf6 51. Bd3 Rh5 52. Re2 Rc8 53. Rg2 Ra8
54. Rb3 Ra1 55. Bb1 Ra8 56. Kf2 Rc8 57. Bd3 Ra8 58. Bb1 1/2-1/2

[Event "Sparkassen-Open A"]
[Site "Heusenstamm, Martinsee"]
[Date "2015.11.29"]
[Round "6.26"]
[White "Euler, Stephan"]
[Black "Weise, Martin"]
[Result "1/2-1/2"]
[WhiteElo "2046"]
[BlackElo "2155"]
[PlyCount "51"]
[EventDate "2015.??.??"]
[WhiteTeam "SC Ladja Roßdorf"]
[BlackTeam "SC Fulda"]

1. e4 e6 2. d4 d5 3. Nd2 Be7 4. Ngf3 Nf6 5. Bd3 c5 6. e5 Nfd7 7. c3 Nc6 8. Bb1
a5 9. b3 cxd4 10. cxd4 b6 11. O-O Ba6 12. Re1 Rc8 13. Nf1 Qc7 14. a3 Qa7 15.
Ng3 a4 16. b4 Bc4 17. Bg5 Bb3 18. Qd2 Bf8 19. Bd3 Qb7 20. Qe2 Rc7 21. Rac1 h6
22. Bd2 g6 23. h4 Be7 24. Bb5 Na7 25. Rxc7 Qxc7 26. Rc1 1/2-1/2

[Event "Sparkassen-Open A"]
[Site "Heusenstamm, Martinsee"]
[Date "2015.11.29"]
[Round "6.27"]
[White "Küpper, Martin"]
[Black "Ramien, David"]
[Result "0-1"]
[WhiteElo "2013"]
[BlackElo "2140"]
[PlyCount "100"]
[EventDate "2015.??.??"]
[WhiteTeam "SC Fulda"]
[BlackTeam "SG Porz"]

1. e4 g6 2. d4 Bg7 3. Nc3 c6 4. Bc4 d6 5. Nf3 Nf6 6. O-O O-O 7. a4 d5 8. exd5
cxd5 9. Bb3 h6 10. Ne5 Nc6 11. Re1 Bf5 12. Bf4 e6 13. h3 g5 14. Be3 Nd7 15. f4
Ndxe5 16. fxe5 f6 17. exf6 Qxf6 18. Ne2 Na5 19. Ba2 Qg6 20. Qd2 b6 21. c3 Nc4
22. Bxc4 dxc4 23. Ng3 Bd3 24. Nf1 Rad8 25. Nh2 e5 26. dxe5 Bxe5 27. Ng4 Bg3 28.
Bd4 Bxe1 29. Rxe1 h5 30. Ne5 Qf5 31. Re3 Qf1+ 32. Kh2 Qf4+ 33. g3 Qf2+ 34. Qxf2
Rxf2+ 35. Kg1 Rdf8 36. Nxd3 cxd3 37. Rxd3 Rxb2 38. c4 Rc2 39. a5 Rd8 40. axb6
axb6 41. Rc3 Rxc3 42. Bxc3 Rd3 43. Be5 Kf7 44. Kf2 Ke6 45. Bc7 Rb3 46. h4 Kd7
47. Be5 g4 48. Ke2 Kc6 49. Kd2 Kc5 50. Kc2 Kxc4 0-1

[Event "Sparkassen-Open A"]
[Site "Heusenstamm, Martinsee"]
[Date "2015.11.29"]
[Round "6.28"]
[White "Benninger, Rudolf"]
[Black "Schneider, Johannes"]
[Result "1-0"]
[WhiteElo "2119"]
[BlackElo "1998"]
[PlyCount "59"]
[EventDate "2015.??.??"]
[WhiteTeam "SC Heusenstamm"]
[BlackTeam "SV Mainz-Mombach"]

1. e4 c5 2. c3 d5 3. exd5 Qxd5 4. d4 e6 5. Nf3 cxd4 6. cxd4 a6 7. Nc3 Qd8 8.
Bd3 Nf6 9. O-O Be7 10. Re1 O-O 11. a3 Nbd7 12. Bc2 Re8 13. Qd3 b5 14. Bg5 Bb7
15. Rad1 Qc7 16. Ne5 g6 17. Bb3 Nxe5 18. dxe5 Rad8 19. Qe3 Ng4 20. Qf4 Bxg5 21.
Qxg5 Rxd1 22. Bxd1 h5 23. h3 Nxf2 24. Kxf2 Qd7 25. Bf3 Bxf3 26. gxf3 Qd4+ 27.
Kg2 b4 28. Rd1 Qb6 29. Ne4 Rb8 30. Rd2 1-0

[Event "Sparkassen-Open A"]
[Site "Heusenstamm, Martinsee"]
[Date "2015.11.29"]
[Round "6.29"]
[White "Harringer, Manfred"]
[Black "Mährlein, Christoph"]
[Result "1/2-1/2"]
[WhiteElo "1995"]
[BlackElo "2106"]
[PlyCount "144"]
[EventDate "2015.??.??"]
[WhiteTeam "Bergische SF"]
[BlackTeam "SC Pforzheim"]

1. e4 Nf6 2. e5 Nd5 3. d4 d6 4. Nf3 dxe5 5. Nxe5 g6 6. c4 Nf6 7. Be2 Bg7 8. O-O
O-O 9. Nc3 c6 10. Be3 Be6 11. Qd2 Nbd7 12. Nf3 Nb6 13. b3 Bg4 14. h3 Bxf3 15.
Bxf3 Qd7 16. Rad1 Rfd8 17. Ne4 Nxe4 18. Bxe4 e6 19. a4 Nc8 20. Qc2 Nd6 21. Rd2
Rac8 22. Rfd1 Qe7 23. Bf3 Nf5 24. Qe4 Qb4 25. g4 Nd6 26. Qc2 Rd7 27. Rd3 Ne8
28. Qd2 Qf8 29. d5 cxd5 30. cxd5 e5 31. d6 Nf6 32. Bg2 e4 33. Rd4 Ne8 34. Rd5
f5 35. gxf5 gxf5 36. Bxa7 Bh6 37. Qa5 Ng7 38. Bd4 Qe8 39. Bxg7 Bxg7 40. Rxf5 e3
41. Qd5+ Kh8 42. fxe3 Qxe3+ 43. Kh1 Rcd8 44. Qc4 Qg3 45. Rf3 Qg6 46. Re3 Rxd6
47. Rxd6 Qxd6 48. Qe2 Qg6 49. Be4 Qg5 50. Bxb7 Rf8 51. Re8 Qc1+ 52. Qe1 Qc7 53.
Bg2 Qc5 54. b4 Qd6 55. b5 Rxe8 56. Qxe8+ Bf8 57. Qe2 Qd4 58. Bf3 Bc5 59. Qe1
Qd7 60. Bg2 Bd4 61. Qe4 Bf6 62. Qa8+ Bd8 63. Qd5 Qxd5 64. Bxd5 Kg7 65. Kg2 Kf6
66. Kf3 Ke5 67. Bg8 h5 68. Bf7 h4 69. Kg4 Kd6 70. a5 Bxa5 71. Kxh4 Ke7 72. Bc4
Kf8 1/2-1/2

[Event "Sparkassen-Open A"]
[Site "Heusenstamm, Martinsee"]
[Date "2015.11.29"]
[Round "6.30"]
[White "Busch, Lorenz"]
[Black "Theuer, Carsten"]
[Result "1-0"]
[WhiteElo "2095"]
[BlackElo "1788"]
[PlyCount "29"]
[EventDate "2015.??.??"]
[WhiteTeam "SC Herxheim"]
[BlackTeam "VSG Offenbach"]

1. e4 e6 2. Nc3 d5 3. Nf3 c5 4. exd5 exd5 5. d4 Nf6 6. Bg5 cxd4 7. Qxd4 Nc6 8.
Bb5 Bd7 9. Qe3+ Be6 10. O-O-O Qa5 11. Bxf6 gxf6 12. Rxd5 Qc7 13. Nd4 Bh6 14.
Qxh6 Bxd5 15. Nxd5 1-0

[Event "Sparkassen-Open A"]
[Site "Heusenstamm, Martinsee"]
[Date "2015.11.29"]
[Round "6.31"]
[White "Westphal, Norbert"]
[Black "Pfeffer, Marko"]
[Result "1-0"]
[WhiteElo "1987"]
[BlackElo "2091"]
[PlyCount "119"]
[EventDate "2015.??.??"]
[WhiteTeam "BSV Chemie Radebeul"]
[BlackTeam "SC Bergen-Enkheim"]

1. Nf3 Nf6 2. d4 e6 3. e3 c5 4. Bd3 b6 5. Nbd2 cxd4 6. exd4 Be7 7. O-O O-O 8.
b3 Ba6 9. c4 d6 10. Bb2 Nbd7 11. Qe2 Re8 12. Rfe1 Rc8 13. Ng5 Nf8 14. Nge4 Bb7
15. Nxf6+ Bxf6 16. Ne4 Be7 17. a4 Ng6 18. g3 d5 19. Nd2 Bb4 20. Rec1 dxc4 21.
bxc4 Qd6 22. Rf1 f5 23. f4 Bxd2 24. Qxd2 Qc6 25. Kf2 Rcd8 26. Ke1 Ne7 27. Kd1
Rd7 28. Kc2 Nd5 29. Kb3 Nc7 30. Rfe1 a5 31. Re5 Red8 32. Qe3 Rd6 33. Rd1 Qd7
34. d5 Bxd5 35. cxd5 Nxd5 36. Rxd5 Rxd5 37. Bc4 Qc6 38. Bxd5 Rxd5 39. Rxd5
Qxd5+ 40. Kc2 Qc6+ 41. Kb1 Qh1+ 42. Ka2 Qd5+ 43. Qb3 Qc6 44. Qd1 Kf7 45. Qd4
Ke8 46. Kb3 b5 47. axb5 Qxb5+ 48. Ka3 Qe2 49. Qe5 Qc4 50. Qc3 Qe2 51. Qxg7 h5
52. Qe5 Qd3+ 53. Bc3 Qc4 54. Qxa5 Kf7 55. Qa7+ Kf8 56. Qa8+ Kf7 57. Qb7+ Ke8
58. Qb4 Qd3 59. Qd4 Qc2 60. Qa4+ 1-0

[Event "Sparkassen-Open A"]
[Site "Heusenstamm, Martinsee"]
[Date "2015.11.29"]
[Round "6.33"]
[White "Mehringer, Jörg"]
[Black "Schröder, Jürgen"]
[Result "0-1"]
[WhiteElo "1976"]
[BlackElo "2071"]
[PlyCount "43"]
[EventDate "2015.??.??"]
[WhiteTeam "Schachpinguine Berlin"]
[BlackTeam "SC Matt im Park"]

1. e4 g6 2. g3 Bg7 3. Bg2 d6 4. Ne2 c6 5. O-O Nd7 6. d4 e5 7. c3 Ngf6 8. h3 O-O
9. Be3 d5 10. dxe5 Nxe5 11. exd5 Nxd5 12. Bd4 Be6 13. f4 Nc4 14. Bxg7 Nce3 15.
Qd4 Nf5 16. Qe5 Nxg7 17. Nd4 Qb6 18. Nd2 f6 19. Qe2 Rfe8 20. Nc4 Qc5 21. b4
Nxb4 22. cxb4 0-1

[Event "Sparkassen-Open A"]
[Site "Heusenstamm, Martinsee"]
[Date "2015.11.29"]
[Round "6.35"]
[White "Hinrichs, Hans-Uwe"]
[Black "Schindelmeiser, Frank"]
[Result "0-1"]
[WhiteElo "2167"]
[BlackElo "1931"]
[PlyCount "38"]
[EventDate "2015.??.??"]
[WhiteTeam "SK Bingen"]
[BlackTeam "SV Oberursel"]

1. Nc3 c5 2. e4 g6 3. g3 Bg7 4. Bg2 Nc6 5. d3 d6 6. Nh3 e5 7. O-O h5 8. f4 Bg4
9. Qd2 Qd7 10. Nf2 Nd4 11. h3 Bf3 12. Nd5 h4 13. Kh2 Nf6 14. Nxf6+ Bxf6 15. c3
hxg3+ 16. Kxg3 exf4+ 17. Kh2 Bxg2 18. Kxg2 f3+ 19. Kh1 Ne2 0-1

[Event "Sparkassen-Open A"]
[Site "Heusenstamm, Martinsee"]
[Date "2015.11.29"]
[Round "6.36"]
[White "Tornay Gomez, Josu"]
[Black "Zimmer, Gerald"]
[Result "1-0"]
[WhiteElo "2100"]
[BlackElo "1923"]
[PlyCount "85"]
[EventDate "2015.??.??"]
[WhiteTeam "SC Herborn"]
[BlackTeam "SC Bergen-Enkheim"]

1. e4 e6 2. d4 d5 3. Nc3 Bb4 4. Bd3 c5 5. exd5 Qxd5 6. Bd2 Bxc3 7. Bxc3 Nf6 8.
dxc5 Qxc5 9. Qf3 Nbd7 10. Qg3 b6 11. Nf3 Rg8 12. O-O-O Bb7 13. Nd4 Ne4 14. Bxe4
Bxe4 15. Rhe1 Nf6 16. Nb3 Qc6 17. Rd6 Qc8 18. Qe5 Bxg2 19. Qb5+ Nd7 20. Red1
Bd5 21. Nd4 a6 22. Qe2 Qc5 23. Nf5 O-O-O 24. Ne7+ Kb7 25. R6xd5 exd5 26. Rxd5
Qc7 27. Qf3 Ka7 28. Nxg8 Rxg8 29. Qxf7 Rd8 30. Bxg7 Kb7 31. Qf3 Qc6 32. Qd1 Qe6
33. Rd6 Qe7 34. Bf6 Nxf6 35. Rxd8 Qe4 36. Rd4 Qe5 37. Qf3+ Ka7 38. Qf4 Qe1+ 39.
Rd1 Qe7 40. Qd6 Qf7 41. Re1 Ng8 42. Qe6 Qf4+ 43. Kb1 1-0

[Event "Sparkassen-Open A"]
[Site "Heusenstamm, Martinsee"]
[Date "2015.11.29"]
[Round "6.37"]
[White "Kreiling, Carsten"]
[Black "Blosze, Winfried"]
[Result "1-0"]
[WhiteElo "2081"]
[BlackElo "1865"]
[PlyCount "49"]
[EventDate "2015.??.??"]
[WhiteTeam "SVG Eppstein"]
[BlackTeam "SV Großauheim"]

1. d4 Nf6 2. c4 g6 3. Nc3 d5 4. cxd5 Nxd5 5. e4 Nxc3 6. bxc3 Bg7 7. Nf3 O-O 8.
Rb1 c5 9. Be2 Qa5 10. O-O Qxa2 11. Bg5 f6 12. Be3 cxd4 13. cxd4 Qa5 14. d5 Qd8
15. Nd4 a6 16. Qa4 a5 17. Ne6 Bxe6 18. dxe6 Nc6 19. Rxb7 Qc8 20. Rd7 Ne5 21.
Rxe7 Re8 22. Rxe8+ Qxe8 23. Qxe8+ Rxe8 24. f4 Nc6 25. Rc1 1-0

[Event "Sparkassen-Open A"]
[Site "Heusenstamm, Martinsee"]
[Date "2015.11.29"]
[Round "6.38"]
[White "Weil, Michael"]
[Black "Kalepky, Helmut"]
[Result "1-0"]
[WhiteElo "1935"]
[BlackElo "2064"]
[PlyCount "119"]
[EventDate "2015.??.??"]
[WhiteTeam "SC Steinbach"]
[BlackTeam "SF Heidesheim"]

1. d4 Nf6 2. Nf3 e6 3. e3 c5 4. c3 b6 5. Nbd2 Bb7 6. Bd3 d5 7. Ne5 Nbd7 8. f4
Nxe5 9. fxe5 Nd7 10. Qg4 Qe7 11. O-O O-O-O 12. a4 f6 13. exf6 gxf6 14. a5 h5
15. Qh3 f5 16. axb6 axb6 17. Nf3 Bg7 18. Bd2 Rdg8 19. Ra7 Nb8 20. Bb5 Qd6 21.
Ng5 Rf8 22. Rfa1 Bf6 23. Nf3 Nc6 24. Bxc6 Qxc6 25. Nh4 Re8 26. Be1 Bxh4 27.
Bxh4 Reg8 28. Bf6 Rh7 29. Be5 Rg4 30. Qf3 Qb5 31. h3 Rg6 32. b4 c4 33. Bh2 Qc6
34. Qf4 Qc7 35. Qxc7+ Rxc7 36. Bxc7 Kxc7 37. Kf2 Rg7 38. g3 Kb8 39. R7a2 Kc7
40. Rg1 Kd6 41. Ra7 Kc7 42. Kf3 Rg6 43. Kf4 Kb8 44. Raa1 Bc8 45. Ke5 Kc7 46.
Ra7+ Bb7 47. Ra2 Bc8 48. Rag2 Kc6 49. Ra1 Bb7 50. Kf4 Kc7 51. g4 fxg4 52. hxg4
hxg4 53. Rxg4 Rh6 54. Rg7+ Kb8 55. Rag1 Bc8 56. Rg8 Rh5 57. Rf8 Rh7 58. Rgg8
Rc7 59. Ke5 Kb7 60. Rxc8 1-0

[Event "Sparkassen-Open A"]
[Site "Heusenstamm, Martinsee"]
[Date "2015.11.29"]
[Round "6.39"]
[White "Kube, Jens"]
[Black "Konik, Michael"]
[Result "0-1"]
[WhiteElo "1890"]
[BlackElo "2049"]
[PlyCount "38"]
[EventDate "2015.??.??"]
[WhiteTeam "SC Steinbach"]
[BlackTeam "SK Mainaschaff"]

1. e4 d5 2. exd5 Nf6 3. Nc3 Nxd5 4. Bc4 Nb6 5. Bb3 g6 6. d4 Bg7 7. Be3 Nc6 8.
Nf3 O-O 9. Qd2 Bg4 10. O-O-O e5 11. d5 Nd4 12. Bxd4 exd4 13. Nb5 Bxf3 14. gxf3
c5 15. dxc6 bxc6 16. Nxd4 c5 17. Bxf7+ Rxf7 18. Ne6 Qxd2+ 19. Rxd2 Bh6 0-1

[Event "Sparkassen-Open A"]
[Site "Heusenstamm, Martinsee"]
[Date "2015.11.29"]
[Round "6.40"]
[White "Cors, Heinz-Friedrich"]
[Black "Berberich, Christoph"]
[Result "0-1"]
[WhiteElo "1916"]
[BlackElo "2037"]
[PlyCount "56"]
[EventDate "2015.??.??"]
[WhiteTeam "Schachforum Darmstadt"]
[BlackTeam "SK Freiburg-Zähringen 1887"]

1. e4 c5 2. Nf3 Nc6 3. d4 cxd4 4. Nxd4 Nf6 5. Nc3 e5 6. Ndb5 d6 7. Bg5 a6 8.
Na3 b5 9. Bxf6 gxf6 10. Nd5 f5 11. Bd3 Be6 12. Ne3 f4 13. Nd5 Bg7 14. c3 Bxd5
15. exd5 Ne7 16. Nc2 O-O 17. g3 f5 18. Be2 Qb6 19. c4 bxc4 20. Bxc4 Qxb2 21.
O-O Qc3 22. Bb3 a5 23. Ne1 Rfc8 24. Ng2 f3 25. Ne3 f4 26. Qxf3 fxe3 27. Rac1
exf2+ 28. Qxf2 Qd4 0-1

[Event "Sparkassen-Open A"]
[Site "Heusenstamm, Martinsee"]
[Date "2015.11.29"]
[Round "6.42"]
[White "Martin, Reiner"]
[Black "Kilthau, Peter"]
[Result "0-1"]
[WhiteElo "2021"]
[BlackElo "1850"]
[PlyCount "68"]
[EventDate "2015.??.??"]
[WhiteTeam "SC Bad Soden"]
[BlackTeam "SK Mannheim"]

1. c4 e5 2. g3 Nf6 3. Bg2 Nc6 4. Nc3 g6 5. d3 Bg7 6. e4 d6 7. Nge2 Be6 8. O-O
h5 9. Bg5 Qd7 10. Nd5 Nh7 11. Bd2 Ne7 12. b4 c6 13. Ne3 h4 14. Bc3 Bh3 15. f3
Bxg2 16. Kxg2 hxg3 17. hxg3 Ng5 18. Rh1 O-O-O 19. Qa4 Kb8 20. Bd2 Ne6 21. Nc2
b5 22. Qb3 d5 23. exd5 cxd5 24. cxb5 e4 25. d4 Qxb5 26. Bf4+ Ka8 27. Kf2 Qd3
28. Be3 Rc8 29. Rxh8 Rxh8 30. Qa4 Rh2+ 31. Kg1 Qxe2 32. Qe8+ Kb7 33. Qxe7+ Nc7
34. Ne1 exf3 0-1

[Event "Sparkassen-Open A"]
[Site "Heusenstamm, Martinsee"]
[Date "2015.11.29"]
[Round "6.43"]
[White "Deppe, Leo"]
[Black "Junker, Christian"]
[Result "1/2-1/2"]
[WhiteElo "1852"]
[BlackElo "2016"]
[PlyCount "112"]
[EventDate "2015.??.??"]
[WhiteTeam "SC Bad Soden"]
[BlackTeam "SV Neu-Isenburg"]

1. d4 f5 2. c4 e6 3. a3 Nf6 4. Nc3 Be7 5. Nf3 O-O 6. Bf4 d5 7. h3 c6 8. e3 b6
9. Be2 Bb7 10. O-O Ne4 11. Qc2 Nd6 12. c5 Nf7 13. b4 Nd7 14. Bh2 Bf6 15. Bd3 g6
16. Ne2 Qe7 17. Nf4 Rfc8 18. Rfc1 e5 19. dxe5 Nfxe5 20. Nd4 Nxd3 21. Nxd3 a5
22. Re1 Ba6 23. cxb6 Bxd3 24. Qxd3 Nxb6 25. Rab1 axb4 26. axb4 Ra4 27. b5 c5
28. Nc6 Qe6 29. Qc2 c4 30. f3 Ra3 31. Qc1 Rc3 32. Qd2 Rd3 33. Qf2 Na4 34. e4
fxe4 35. fxe4 dxe4 36. Rxe4 Qxe4 37. Qxf6 Re8 38. Rf1 Qe6 39. Qxe6+ Rxe6 40.
Ne5 Rd4 41. Nf3 Rd5 42. Bf4 Nc3 43. Bh6 g5 44. Bxg5 Nxb5 45. Bf4 h6 46. Ra1 c3
47. Kf2 c2 48. Ra8+ Kh7 49. Rc8 Rf6 50. Be3 Nd6 51. Rxc2 Ne4+ 52. Kg1 Ng3 53.
Kf2 Ne4+ 54. Kg1 Rd3 55. Rc7+ Kg8 56. Rc8+ Kh7 1/2-1/2

[Event "Sparkassen-Open A"]
[Site "Heusenstamm, Martinsee"]
[Date "2015.11.29"]
[Round "6.44"]
[White "Völler, Lothar"]
[Black "Schultze, Jörg-Martin"]
[Result "0-1"]
[WhiteElo "1738"]
[BlackElo "2005"]
[PlyCount "106"]
[EventDate "2015.??.??"]
[WhiteTeam "FS Dortmund"]
[BlackTeam "SF Anderssen Wetzlar"]

1. c4 Nf6 2. Nc3 e5 3. Nf3 Nc6 4. a3 d5 5. cxd5 Nxd5 6. d4 exd4 7. Nxd4 Nxc3 8.
bxc3 Bd7 9. Bf4 a6 10. e3 Be7 11. Bd3 Bf6 12. O-O O-O 13. Qc2 g6 14. Rfd1 Qe7
15. Rab1 Qxa3 16. Bxc7 Nxd4 17. exd4 Ba4 18. Bd6 Bxc2 19. Bxa3 Bxb1 20. Rxb1
Rfc8 21. Bc5 Rc7 22. f3 Be7 23. Bxe7 Rxe7 24. Kf2 b5 25. c4 bxc4 26. Bxc4 a5
27. d5 a4 28. Ba2 a3 29. d6 Rd7 30. Rd1 Rb8 31. Ke3 Rb2 32. Bc4 Rxg2 33. Bb5
Rd8 34. d7 a2 35. Rc1 Kf8 36. Ra1 Rxh2 37. Kd4 Rh5 38. Bc6 Ra5 39. Kc4 Ra7 40.
Kb5 Raxd7 41. Rxa2 Rd2 42. Ra6 Rb2+ 43. Kc4 h5 44. Bd5 Rf2 45. Rf6 Rxd5 46.
Kxd5 Kg7 47. Rf4 g5 48. Rf5 Kg6 49. Ke4 Re2+ 50. Kd3 Kxf5 51. Kxe2 Kf4 52. Kf2
g4 53. fxg4 hxg4 0-1

[Event "Sparkassen-Open A"]
[Site "Heusenstamm, Martinsee"]
[Date "2015.11.29"]
[Round "6.45"]
[White "Bethke, Richard"]
[Black "Kropp, Volker"]
[Result "1/2-1/2"]
[WhiteElo "1672"]
[BlackElo "2002"]
[PlyCount "88"]
[EventDate "2015.??.??"]
[WhiteTeam "SC Gelnhausen"]
[BlackTeam "SV Mainz-Mombach"]

1. e4 c5 2. Nf3 Nc6 3. d4 cxd4 4. Nxd4 Nf6 5. Nc3 e5 6. Ndb5 h6 7. Nd5 Nxd5 8.
exd5 a6 9. dxc6 axb5 10. cxd7+ Bxd7 11. Qd5 Qc7 12. Bd2 Qc5 13. Qxc5 Bxc5 14.
Be2 Bc6 15. O-O O-O 16. Bc3 b4 17. Bd2 Rfd8 18. Rfd1 Rd6 19. c3 Rad8 20. cxb4
Bxf2+ 21. Kxf2 Rxd2 22. Ke1 Rxd1+ 23. Rxd1 Rxd1+ 24. Kxd1 Bxg2 25. a4 Kf8 26.
b5 Ke7 27. a5 Kd6 28. b4 f5 29. a6 bxa6 30. bxa6 Kc7 31. b5 g5 32. Ke1 Bd5 33.
Kf2 Kb6 34. Kg3 h5 35. Bxh5 Kxb5 36. Be2+ Kc5 37. h4 f4+ 38. Kg4 gxh4 39. Kxh4
Kd4 40. Kg4 Ke3 41. Bb5 Be6+ 42. Kg5 Bc8 43. Kf6 e4 44. Ke5 Bxa6 1/2-1/2

[Event "Sparkassen-Open A"]
[Site "Heusenstamm, Martinsee"]
[Date "2015.11.29"]
[Round "6.46"]
[White "Papadopoulos, Ioannis"]
[Black "Rutsatz, Mario"]
[Result "1-0"]
[WhiteElo "1656"]
[BlackElo "1988"]
[PlyCount "121"]
[EventDate "2015.??.??"]
[WhiteTeam "SV Oberursel"]
[BlackTeam "SF Frankfurt"]

1. e4 e6 2. d4 d5 3. Nc3 Nf6 4. e5 Nfd7 5. f4 c5 6. Nf3 Nc6 7. Be3 a6 8. Qd2 b5
9. dxc5 Bxc5 10. Bxc5 Nxc5 11. Qf2 Qe7 12. O-O-O b4 13. Ne2 O-O 14. Ned4 Nxd4
15. Qxd4 a5 16. Nd2 a4 17. Bd3 Ba6 18. Bxa6 Rxa6 19. g4 Rc8 20. Kb1 Qb7 21. Rc1
Qb5 22. h4 a3 23. b3 Rac6 24. g5 Nd7 25. h5 Qc5 26. Nf3 Qc3 27. Qxc3 Rxc3 28.
Nd4 Nc5 29. Rhg1 Kf8 30. g6 fxg6 31. hxg6 h6 32. Rgf1 Ke7 33. f5 Ne4 34. Ka1
exf5 35. Rxf5 Ng5 36. Kb1 Re3 37. Rxg5 Re4 38. Nf5+ Kf8 39. Rg2 Rxe5 40. Rf2
Kg8 41. Rcf1 Rce8 42. Kc1 R5e6 43. Nh4 Re4 44. Nf3 Rg4 45. Ne5 Rg5 46. Nd3 Rg4
47. Rf4 Rxg6 48. Nxb4 Rg5 49. Rf5 Rxf5 50. Rxf5 d4 51. Rf4 Rd8 52. Nc6 Rd6 53.
Nxd4 g5 54. Re4 Kf7 55. Kd2 h5 56. Ke3 Rf6 57. Re5 Rg6 58. c4 h4 59. Nf3 Kf6
60. Rxg5 Rxg5 61. Nxg5 1-0

[Event "Sparkassen-Open A"]
[Site "Heusenstamm, Martinsee"]
[Date "2015.11.29"]
[Round "6.47"]
[White "Kuhn, Gerhard"]
[Black "van den Hoff, Damien"]
[Result "1/2-1/2"]
[WhiteElo "1969"]
[BlackElo "1836"]
[PlyCount "87"]
[EventDate "2015.??.??"]
[WhiteTeam "SK Marburg"]
[BlackTeam "vereinslos"]

1. e4 e5 2. Nf3 Nc6 3. Nc3 Nf6 4. d4 exd4 5. Nd5 Be7 6. Bf4 d6 7. Nxd4 O-O 8.
Nb5 Nxd5 9. exd5 Ne5 10. Be2 c6 11. Nc3 Bf6 12. O-O Bf5 13. Qd2 c5 14. a4 Ng6
15. Be3 a6 16. a5 Bd7 17. Na4 Bxa4 18. Rxa4 b5 19. axb6 Qxb6 20. b3 a5 21. Re1
Rfe8 22. Bf1 h6 23. Qd3 Ne7 24. Bd2 Reb8 25. g3 Ra7 26. Rae4 Kf8 27. Ra4 Kg8
28. Bg2 Qb5 29. Qf3 Ng6 30. Bxh6 Qd7 31. Bd2 Qb5 32. Bf1 Qb6 33. Qh5 Bd4 34.
Bd3 c4 35. Bxg6 Bxf2+ 36. Kg2 fxg6 37. Qxg6 Bxe1 38. Bxe1 cxb3 39. Rh4 Rf7 40.
Qh7+ Kf8 41. Re4 Rf6 42. Rg4 Rf7 43. Re4 Rf6 44. Rg4 1/2-1/2

[Event "Sparkassen-Open A"]
[Site "Heusenstamm, Martinsee"]
[Date "2015.11.29"]
[Round "6.48"]
[White "Bjoerknes, Uwe"]
[Black "Schellen, Sven"]
[Result "1-0"]
[WhiteElo "1964"]
[BlackElo "1813"]
[PlyCount "61"]
[EventDate "2015.??.??"]
[WhiteTeam "vereinslos"]
[BlackTeam "SF Frankfurt"]

1. a3 a6 2. e4 e5 3. Nc3 Nc6 4. Nf3 Nf6 5. d4 exd4 6. Nxd4 d5 7. Nxc6 bxc6 8.
e5 Qe7 9. f4 Bf5 10. Be2 Ne4 11. Nxe4 Bxe4 12. Bf3 f5 13. Be3 Qe6 14. b4 Rd8
15. c3 Be7 16. O-O O-O 17. Qe2 g5 18. Qxa6 gxf4 19. Bxf4 Ra8 20. Qe2 c5 21. b5
c4 22. Bxe4 fxe4 23. a4 Ra5 24. Ra2 Rfa8 25. Rfa1 Qf5 26. Qe3 c6 27. Qg3+ Kf7
28. Rf1 Qg6 29. Be3+ Ke6 30. Qh3+ Kxe5 31. Qd7 1-0